| 000 | 00399nam a2200157Ia 4500 | ||
|---|---|---|---|
| 003 | LK-CoDNM | ||
| 008 | 010623t1914 xxu||||| |||| 00| 1 sin d | ||
| 040 |
_aLK-CoDNM _dLK-CoDNM _eLK-CoDNM |
||
| 041 | _asin | ||
| 080 | _a104 B 5 | ||
| 245 | _aප්රසිද්ධ කථා | ||
| 246 | _aPrasiddha Katha | ||
| 260 |
_bSinhala Jatiya _aColombo _c1914 |
||
| 300 | _b43p, 21 cm | ||
| 942 | _cBK | ||
| 999 |
_c88201 _d88201 |
||